00669cam a22002297a 4500003000500000005001700005008004100022010001000063011001000073035001000083040000900093100002500102245003800127260007100165300001900236490003600255500001100291650002400302650001200326710006500338830003600403CHAP20220817043235.0971013s1988 r 00010 d a69322 a70294 a79775 cCHAP00aMas Alvarez, Blanca.13aLa salmonización de las truchas aMadrid :bMinisterio de Agricultura, Pesca y Alimentación,c1988 a19 p.b: ilus. 0aHojas divulgadorasv; 13/88 HD) a33-22514aPigmentos animales.14aTrucha.0 aEspaña. Ministerio de Agricultura, Pesca y Alimentación.0 aHojas divulgadorasv; 13/88 HD)